000 00448nam a2200145 4500
999 _c8413
_d8413
008 180205b xxu||||| |||| 00| 0 eng d
020 _a0-8018-2717
082 _21982
_aDC 808.042
_bH78
100 _926060
_aHorton, Susan R.
245 _aThinking through writing/
_cSusan R. Horton
300 _axi, 217 pages:
_billustration;
_c22 cm.
521 _aIncludes bibliography and index.
650 0 _926061
_aEnglish language
_vRhetoric
942 _2ddc
_cDC